000 00444nam a2200157 i 4500
001 70518
003 ES-MaACL
005 20230906170835.0
007 t|
008 040727s1914 ag ||||1| spa d
100 1 _aGarcía Velloso, Enrique.
_955391
245 1 0 _aHistoria de la Literatura argentina /
_cEnrique García Velloso.
260 _aBuenos Aires :
_bA. Estrada,
_c1914.
300 _aX, 424 p. ;
_c20 cm.
852 _aES-MaACL
_jF-3142
999 _c70518
_d70518